000 00253nam a22001217a 4500
008 170208b xxu||||| |||| 00| 0 alb d
041 _aalb
080 _a61
100 _a4
101 _aSHM
245 _aSEMUNDJA E DIABETIT
_cROGIC, M
942 _2udc
_cBK
999 _c4973
_d4973